Countries Where More Than 20% of Children are Out of School - Statistics

General Stats
  • This quiz has been taken 38 times
  • The average score is 9 of 17
Answer Stats
% Answer % Correct
52.04 Niger
87%
45.56 Mali
71%
37.01 Mauritania
71%
38.24 Pakistan
68%
38.28 Senegal
68%
38.50 Burkina Faso
65%
25.66 Sierra Leone
65%
21.11 Togo
61%
31.83 Ivory Coast
55%
20.64 El Salvador
42%
28.52 Guatemala
42%
31.59 Honduras
42%
27.50 Comoros
35%
22.05 Burundi
29%
20.33 Panama
29%
45.00 Eritrea
26%
28.08 Jordan
23%
No matching quizzes found
Score Distribution
Percent of People with Each Score
Percentile by Number Answered
Your Score History
You have not taken this quiz